| Tag |
First Indicator |
Second Indicator |
Subfields |
| LEADER |
00000cas a2200000 4500 |
| 001 |
in00000061012 |
| 005 |
20151008051053.0 |
| 008 |
800418d19801983sz mr p 0uuua0eng d |
| 010 |
|
|
|a sn 82020478
|
| 022 |
|
|
|a 0020-1693
|
| 035 |
|
|
|a (OCoLC)06220667
|
| 035 |
|
|
|9 AAG5482AM
|
| 040 |
|
|
|a TXA
|c TXA
|d NST
|d TXA
|d UtOrBLW
|
| 042 |
|
|
|a nst
|
| 049 |
|
|
|a TXAE
|
| 090 |
|
|
|a QD146
|b .I583
|
| 245 |
0 |
0 |
|a Inorganica chimica acta.
|p Letters.
|
| 264 |
|
1 |
|a Lausanne, Switzerland :
|b Elsevier Sequoia.
|
| 300 |
|
|
|a 34 volumes :
|b illustrations ;
|c 28 cm.
|
| 310 |
|
|
|a Monthly
|
| 336 |
|
|
|a text
|b txt
|2 rdacontent
|
| 337 |
|
|
|a unmediated
|b n
|2 rdamedia
|
| 338 |
|
|
|a volume
|b nc
|2 rdacarrier
|
| 362 |
0 |
|
|a v. 44,no.1 - v.77,no.6; Jan. 1980 - Dec. 1983.
|
| 580 |
|
|
|a Merged with: Inorganica chimica acta. Articles to form: Inorganica chimica acta. Articles and letters.
|
| 650 |
|
0 |
|a Chemistry, Inorganic
|v Periodicals.
|
| 780 |
0 |
1 |
|t Inorganica chimica acta
|x 0020-1693
|
| 999 |
|
|
|a MARS
|
| 999 |
f |
f |
|s 34e11de3-289b-3474-a07f-650bc590e73a
|i e4b8be30-b529-3397-aced-364c003e4e77
|t 0
|
| 952 |
f |
f |
|p ric
|a Texas A&M University
|b Rellis Campus
|c Joint Library Facility
|d Remote Storage
|t 0
|e QD146 .I583
|h Library of Congress classification
|i unmediated -- volume
|k v.45
|l 1980:July-Dec.
|m A14811177590
|
| 952 |
f |
f |
|p ric
|a Texas A&M University
|b Rellis Campus
|c Joint Library Facility
|d Remote Storage
|t 0
|e QD146 .I583
|h Library of Congress classification
|i unmediated -- volume
|k v.53-54
|l 1981
|m A14818742485
|
| 952 |
f |
f |
|p ric
|a Texas A&M University
|b Rellis Campus
|c Joint Library Facility
|d Remote Storage
|t 0
|e QD146 .I583
|h Library of Congress classification
|i unmediated -- volume
|k v.65
|l 1982:July-Dec.
|m A14821474431
|
| 952 |
f |
f |
|p ric
|a Texas A&M University
|b Rellis Campus
|c Joint Library Facility
|d Remote Storage
|t 0
|e QD146 .I583
|h Library of Congress classification
|i unmediated -- volume
|k v.44
|l 1980:Jan.-June
|m A14817735833
|
| 952 |
f |
f |
|p ric
|a Texas A&M University
|b Rellis Campus
|c Joint Library Facility
|d Remote Storage
|t 0
|e QD146 .I583
|h Library of Congress classification
|i unmediated -- volume
|k v.77
|l 1983:July-Dec.
|m A14813853011
|
| 952 |
f |
f |
|p ric
|a Texas A&M University
|b Rellis Campus
|c Joint Library Facility
|d Remote Storage
|t 0
|e QD146 .I583
|h Library of Congress classification
|i unmediated -- volume
|k v.76
|l 1983:Jan.-June
|m A14818724306
|
| 952 |
f |
f |
|p ric
|a Texas A&M University
|b Rellis Campus
|c Joint Library Facility
|d Remote Storage
|t 0
|e QD146 .I583
|h Library of Congress classification
|i unmediated -- volume
|k v.64
|l 1982:Jan.-June
|m A14824178319
|
| 998 |
f |
f |
|a QD146 .I583
|s v.76-77 (1983)
|t 0
|l Remote Storage
|